Európske fondy na Slovensku 2004-2006 II. časť SOP Poľnohospodárstvo a rozvoj vidieka

Bibliographic Details
Main Authors: Mušáková, Miriama (Author), Filo, Peter, 1958- (Author)
Format: Book
Language:Slovak
PhysicalDescription:52 s. grafy, tab. 21 cm
Published: Bratislava Era 2006
ISBN:8096936743
Edition:[1. vyd.]
Subjects:

MARC

LEADER 00000nam a2200000 a 4500
001 vtls008878573
003 SK-MaSNL
005 20260429113536.0
008 240314s2006 xo dl g 000 0 slo
015 |a SNBA2007/02-00470 
020 |a 8096936743  |q (brož.)  |z 896936735 
035 |a 8990DFB5-4BD4-4F3A-B245-EFF5F339220E 
035 |a urn:nbn:sk:snk-amk778 
035 |a urn:nbn:sk:snk-am008jmh 
040 |a SNK  |b slo  |c SNK  |e AACR2 
041 0 |a slo 
043 |a e-xo--- 
044 |a xo  |c SK 
072 7 |a 332  |x Regionálna ekonómia, regionálna ekonomika  |2 konspekt 
080 |a 63  |2 2001 
080 |a 711.3  |2 2001 
080 |a 332.14  |2 2001 
080 |a 502.131.1  |2 2001 
080 |a 339.926  |2 2001 
080 |a (437.6)  |2 2001 
080 |a (048.8)  |2 2001 
080 |a 332.146.2  |2 2001 
080 |a 336.56  |2 2001 
100 1 |a Mušáková, Miriama  |4 aut  |9 402149 
245 1 0 |a Európske fondy na Slovensku 2004-2006  |n II. časť  |p SOP Poľnohospodárstvo a rozvoj vidieka  |c Miriama Mušáková, Peter Filo 
246 3 0 |a SOP Poľnohospodárstvo a rozvoj vidieka 
250 |a [1. vyd.] 
260 |a Bratislava  |b Era  |c 2006 
300 |a 52 s.  |b grafy, tab.  |c 21 cm 
500 |a Názov z obalu 
504 |a Zoz. skrat. 
610 2 7 |a Rozvoj vidieka a multifunkčné poľnohospodárstvo (program)  |2 SNKKA  |9 402150 
648 7 |a 2004-2006  |2 SNKPH  |9 355219 
650 0 7 |a poľnohospodárstvo  |2 SNKPH  |9 679 
650 0 7 |a rozvoj vidieka  |2 SNKPH  |9 2927 
650 0 7 |a regionálna politika  |2 SNKPH  |9 2351 
650 0 7 |a trvalo udržateľný rozvoj  |2 SNKPH  |9 3353 
650 0 7 |a podpora regionálneho rozvoja  |2 SNKPH  |9 68389 
650 0 7 |a dotácie  |2 SNKPH  |9 2132 
651 7 |a Slovensko  |2 SNKPH  |9 14231 
655 7 |a prehľady  |2 SNKPH  |9 70194 
700 1 |a Filo, Peter,  |d 1958-  |4 aut  |9 1637898 
919 |a 80-969367-4-3 
968 |d 63 
999 |c 653191  |d 655121 
952 |a SNK  |b SNK  |y PREZ  |7 0  |p 17A0529442  |o snkSC 125702/2  |i snk2006/23982  |8 0  |0 0  |1 0  |4 0  |d 2006-11-15  |f 1  |l 0  |r 2025-06-11 00:00:00  |w 2026-02-23 
952 |a SNK  |b SNK  |y VYP  |7 0  |p 17A0529441  |o snkSC 125702/2 D1  |i snk2006/23983  |8 0  |0 0  |1 0  |4 0  |d 2006-11-15  |l 0  |r 2026-02-23 18:27:59  |w 2026-02-23